000 00783nam a2200217Ii 4500
003 JO-AjNU
008 230606s9999||||xx |||||||||||||| ||und||
020 _a978-93-89854-204
040 _aJO-AjNU
_beng
_erda
_cJO-AjNU
041 _aeng
050 1 4 _aQA76.76.2020
100 3 _aMishra, Sujit Kumar,
_eauthor
_96440
245 0 0 _afundamental of Android App Development: Android Development for Beginners to learn Andriod Technology, SQLite,Firebase and Unity
250 _a1ed
264 3 1 _aIndia: BPB, 2020
300 _a80p
336 _atext
_btxt
_2rdacontent
337 _aunmediated
_bn
_2rdamedia
338 _avolume
_bnc
_2rdacarrier
650 4 _a Android App Development: Android Development for Beginners to learn Andriod Technology, SQLite,Firebase and Unity
_96441
999 _aE3341
_c3337
_d3337